| Tag |
First Indicator |
Second Indicator |
Subfields |
| LEADER |
00000pam a2200000 a 4500 |
| 001 |
in00002024321 |
| 005 |
20151031163706.0 |
| 008 |
040430s2004 mnu b 000 1 eng |
| 010 |
|
|
|a 2004009910
|
| 020 |
|
|
|a 0873515129
|
| 035 |
|
|
|a (OCoLC)ocm55096986
|
| 040 |
|
|
|a DLC
|c DLC
|d IG#
|d UtOrBLW
|
| 043 |
|
|
|a n-us-mn
|
| 049 |
|
|
|a TXAM
|
| 050 |
0 |
0 |
|a PS3511.I9
|b A6 2004
|
| 082 |
0 |
0 |
|a 813/.52
|2 22
|
| 100 |
1 |
|
|a Fitzgerald, F. Scott
|q (Francis Scott),
|d 1896-1940.
|
| 245 |
1 |
4 |
|a The St. Paul stories of F. Scott Fitzgerald /
|c edited by Patricia Hampl & Dave Page.
|
| 246 |
3 |
0 |
|a Stories of F. Scott Fitzgerald
|
| 264 |
|
1 |
|a St. Paul, MN :
|b Borealis Books,
|c [2004]
|
| 264 |
|
4 |
|c ©2004
|
| 300 |
|
|
|a xxix, 328 pages ;
|c 23 cm.
|
| 336 |
|
|
|a text
|b txt
|2 rdacontent
|
| 337 |
|
|
|a unmediated
|b n
|2 rdamedia
|
| 338 |
|
|
|a volume
|b nc
|2 rdacarrier
|
| 504 |
|
|
|a Includes bibliographical references (pages 327-328).
|
| 505 |
0 |
|
|a Babes in the woods -- The camel's back -- Bernice bobs her hair -- The ice palace -- Winter dreams -- A short trip home -- The scandal detectives -- A night at the fair -- He thinks he's wonderful -- The captured shadow -- Forging ahead -- At your age -- A freeze-out -- A letter from Zelda Fitzgerald.
|
| 651 |
|
0 |
|a Saint Paul (Minn.)
|v Fiction.
|
| 700 |
1 |
|
|a Hampl, Patricia,
|d 1946-
|
| 700 |
1 |
|
|a Page, Dave,
|d 1954-
|
| 938 |
|
|
|a Ingram
|b INGR
|n 0873515129
|
| 945 |
|
|
|i PromptCat
|
| 948 |
|
|
|a cataloged
|b h
|c 2005/1/21
|d c
|e eneff
|f 8:59:25 am
|
| 994 |
|
|
|a 92
|b TXA
|
| 999 |
|
|
|a MARS
|
| 999 |
f |
f |
|s 33c16e60-fd23-3c9f-9dd3-7eb7badb93bc
|i f773aa3e-2064-38b5-8896-5ac1746c708f
|t 0
|
| 952 |
f |
f |
|p normal
|a Texas A&M University
|b College Station
|c Sterling C. Evans Library
|d Evans: Library Stacks
|t 0
|e PS3511.I9 A6 2004
|h Library of Congress classification
|i unmediated -- volume
|m A14831726084
|
| 998 |
f |
f |
|a PS3511.I9 A6 2004
|t 0
|l Evans: Library Stacks
|